|
|
|
|
| LEADER |
01544nam a22003618i 4500 |
| 001 |
36414 |
| 003 |
BD-DhAAL |
| 005 |
20211129100902.0 |
| 008 |
191023t2020 nyua 001 0 eng |
| 999 |
|
|
|c 41591
|d 41591
|
| 010 |
|
|
|a 2018056010
|
| 020 |
|
|
|a 9781260565560
|
| 040 |
|
|
|a DLC
|b eng
|e rda
|c DLC
|d BD-DhAAL
|
| 042 |
|
|
|a pcc
|
| 050 |
0 |
0 |
|a HG4026
|b .R676 2020
|
| 082 |
0 |
0 |
|a 658.15
|2 23
|
| 100 |
1 |
|
|a Ross, Stephen A.,
|e author.
|9 36460
|
| 245 |
1 |
0 |
|a Essentials of corporate finance /
|c Stephen A. Ross ; Randolph W. Westerfield and Bradford D. Jordan
|
| 250 |
|
|
|a Tenth edition.
|
| 260 |
|
|
|a New York, NY :
|b McGraw-Hill Education,
|c 2020
|
| 300 |
|
|
|a xxxvi, 652 pages :
|b illustrations ;
|c 25 cm.
|
| 500 |
|
|
|a Includes index.
|
| 526 |
|
|
|a BBS
|
| 541 |
|
|
|a Karim International
|e 36414, 36415
|
| 650 |
|
0 |
|a Corporations
|x Finance.
|9 36461
|
| 650 |
|
0 |
|a Business enterprises
|x Finance
|9 36462
|
| 650 |
|
0 |
|a Business & finance
|9 43255
|
| 700 |
1 |
|
|a Westerfield, Randolph W.,
|e author.
|9 36463
|
| 700 |
1 |
|
|a Jordan, Bradford D.,
|e author.
|9 36464
|
| 852 |
|
|
|a Ayesha Abed Library
|c General Stacks
|
| 942 |
|
|
|2 ddc
|c BK
|
| 952 |
|
|
|0 0
|1 0
|2 ddc
|4 0
|6 658_150000000000000_ROS
|7 0
|9 66778
|a BRACUL
|b BRACUL
|c GEN
|d 2019-10-17
|e Karim International
|g 4880.00
|l 11
|m 73
|o 658.15 ROS
|p 3010036415
|q 2026-06-02
|r 2026-02-24
|s 2026-02-24
|t 2
|v 4880.00
|w 2019-10-17
|y BK
|
| 952 |
|
|
|0 0
|1 0
|2 ddc
|4 0
|6 658_150000000000000_ROS
|7 0
|9 66779
|a BRACUL
|b BRACUL
|c GEN
|d 2019-10-17
|e Karim International
|g 4880.00
|l 5
|m 38
|o 658.15 ROS
|p 3010036414
|r 2026-01-12
|s 2025-11-11
|t 1
|v 4880.00
|w 2019-10-17
|y BK
|